| 000 | 01155nam a2200337 i 4500 | ||
|---|---|---|---|
| 003 | EG-GICUC | ||
| 005 | 20260403094405.0 | ||
| 008 | 260403s1992 sz ||||fr|||| 00| 0 eng d | ||
| 020 | _a2881450393 | ||
| 040 |
_aEG-GiCUC _beng _cEG-GiCUC _dEG-GiCUC _eRda |
||
| 041 |
_aeng _hfre |
||
| 082 | 0 | 4 |
_221 _a341.69 _bVE . D |
| 092 | 0 | 4 | _221 |
| 099 | _aLaw1 11 341.69 VE . D 1992 | ||
| 100 | 1 |
_aVerri,Pietro _eAuthor. |
|
| 245 |
_aDictionary Of The International Law Of Armed Conflict / _cPietro Verri . |
||
| 246 | 1 | _aDizionario Di Diritto Internazionale Dei Conflitti Armati | |
| 264 | 1 |
_aGeneve : _bInternational Committee Of The Red Cross , _c1992 . |
|
| 300 |
_a145 page ; _c24 cm. |
||
| 336 |
_2rda contenu _a texte |
||
| 337 |
_2rda medias _aOrdinateur |
||
| 338 |
_2 transporteur rda _a Ressource en ligne |
||
| 546 | _aText in English, Translated from French | ||
| 650 | _aPublic International Law | ||
| 650 | _aWar Crimes -- International law | ||
| 700 |
_aMarkee,Edward _eTranslator. |
||
| 700 |
_aMutti,Susan _eTranslator. |
||
| 856 | 4 | 0 | _uhttps://fll.law.cu.edu.eg/fulltext/bks/B11-06041.pdf |
| 905 | _a59 | ||
| 942 |
_2ddc _n0 _cBK _e21 |
||
| 999 |
_c68533 _d68533 |
||